00370nam a2200145Ia 4500008004100000020001500041041000800056082001700064100002000081245003300101250000600134260006200140300001300202650000900215210716s2003 xx 000 0 und d a8173664013 aeng a005.276 GABJ aGarbriel, Jeff. aProfessional .net framework. a1 aMumbaibShroff Publishers and Distributors Pvt Ltdc2003 axiii,733 aNone